Mitochondrial Disturbances, Tryptophan Metabolites and Neurodegeneration Medicinal Chemistry Aspects /

Elmentve itt :
Bibliográfiai részletek
Szerzők: Szalárdy Levente
Klivényi Péter
Zádori Dénes
Fülöp Ferenc
Toldi József
Vécsei László
Dokumentumtípus: Cikk
Megjelent: Bentham Science Publishers Ltd. 2016
Sorozat:Current Medicinal Chemistry 19 No. 13
doi:10.2174/092986712800167365

mtmt:1961035
Online Access:http://publicatio.bibl.u-szeged.hu/9582
LEADER 01041nab a2200265 i 4500
001 publ9582
005 20191220132359.0
008 160906s2016 hu o 0|| zxx d
022 |a 0929-8673 
024 7 |a 10.2174/092986712800167365  |2 doi 
024 7 |a 1961035  |2 mtmt 
040 |a SZTE Publicatio Repozitórium  |b hun 
041 |a zxx 
100 1 |a Szalárdy Levente 
245 1 0 |a Mitochondrial Disturbances, Tryptophan Metabolites and Neurodegeneration  |h [elektronikus dokumentum] :  |b Medicinal Chemistry Aspects /  |c  Szalárdy Levente 
260 |a Bentham Science Publishers Ltd.  |c 2016 
300 |a 1899-1920 
490 0 |a Current Medicinal Chemistry  |v 19 No. 13 
700 0 1 |a Klivényi Péter  |e aut 
700 0 1 |a Zádori Dénes  |e aut 
700 0 1 |a Fülöp Ferenc  |e aut 
700 0 1 |a Toldi József  |e aut 
700 0 1 |a Vécsei László  |e aut 
856 4 0 |u http://publicatio.bibl.u-szeged.hu/9582/1/SZL.%20Mitochondr.%20dist.%20postprint.pdf  |z Dokumentum-elérés  
856 4 0 |u http://publicatio.bibl.u-szeged.hu/9582/13/1961035.pdf  |z Dokumentum-elérés